O knihách medzinárodne

Podrobná bibliografia
Hlavný autor: les (Autor)
Médium: Článok
Jazyk:slovenčina
Predmet:

MARC

LEADER 00000nab a2200000 a 4500
001 vtls000914905
003 SK-MaSNL
005 20260302174110.0
008 040720e19921006xo 0 slo
035 |a KE23794 
040 |a KEVKJB  |b slo  |c KEVKJB  |e AACR2 
041 0 |a slo 
044 |a xo  |c SK 
080 |a 027.52  |2 1981 
080 |a 362.4  |2 1981 
100 0 |a les  |4 aut  |9 883231 
245 1 0 |a O knihách medzinárodne 
518 |a 7.10.- 8.10.1992 
650 0 7 |a knižnice  |2 KEVKJB  |9 17965 
650 0 7 |a zdravotne postihnuté deti   |2 KEVKJB  |9 1075 
650 0 7 |a sympózia medzinárodné  |2 KEVKJB  |9 29776 
651 7 |a Košice (Slovensko)  |2 KEVKJB  |9 18694 
651 7 |a KE,  |2 KEVKJB  |9 877256 
655 7 |a periodikum  |2 snkbucl  |9 29553 
773 0 8 |t Košický večer  |g Roč. 3  |g Roč. 28, č.196, 6.10.1992, s. 1 
852 |a ZVYKNI  |b KIS3GCP 
999 |c 1403049  |d 1404979